<?xml version="1.0" encoding="UTF-8"?>
<record
    xmlns:xsi="http://www.w3.org/2001/XMLSchema-instance"
    xsi:schemaLocation="http://www.loc.gov/MARC21/slim http://www.loc.gov/standards/marcxml/schema/MARC21slim.xsd"
    xmlns="http://www.loc.gov/MARC21/slim">

  <leader>00948nam a2200277Ia 4500</leader>
  <datafield tag="999" ind1=" " ind2=" ">
    <subfield code="c">53642</subfield>
    <subfield code="d">53642</subfield>
  </datafield>
  <controlfield tag="001">20689</controlfield>
  <controlfield tag="003">GE_BSU</controlfield>
  <controlfield tag="005">20210304233328.0</controlfield>
  <controlfield tag="008">181216s2005||||xx |||||||||||||| ||eng||</controlfield>
  <datafield tag="020" ind1=" " ind2=" ">
    <subfield code="a">9781588293008</subfield>
  </datafield>
  <datafield tag="040" ind1=" " ind2=" ">
    <subfield code="c">GE_BSU</subfield>
  </datafield>
  <datafield tag="041" ind1=" " ind2=" ">
    <subfield code="a">eng</subfield>
  </datafield>
  <datafield tag="080" ind1=" " ind2=" ">
    <subfield code="a">616.07 T-44</subfield>
  </datafield>
  <datafield tag="245" ind1=" " ind2="4">
    <subfield code="a">The Principles of Clinical Cytogenetics /</subfield>
    <subfield code="c">Edited by Steven L. Gersen and Martha B. Keagle</subfield>
  </datafield>
  <datafield tag="250" ind1=" " ind2=" ">
    <subfield code="a">Second edition</subfield>
  </datafield>
  <datafield tag="264" ind1=" " ind2=" ">
    <subfield code="a">New Jersey :</subfield>
    <subfield code="b">Humana Press,</subfield>
    <subfield code="c">2005.</subfield>
  </datafield>
  <datafield tag="300" ind1=" " ind2=" ">
    <subfield code="a">596 p.: </subfield>
    <subfield code="b">ill. +1Cd ;</subfield>
    <subfield code="c">28 cm. </subfield>
  </datafield>
  <datafield tag="541" ind1=" " ind2=" ">
    <subfield code="h">153 Gel.</subfield>
  </datafield>
  <datafield tag="653" ind1=" " ind2=" ">
    <subfield code="a">The Principles of Clinical Cytogenetics</subfield>
  </datafield>
  <datafield tag="653" ind1=" " ind2=" ">
    <subfield code="a">&#x41F;&#x440;&#x438;&#x43D;&#x446;&#x438;&#x43F;&#x44B; &#x43A;&#x43B;&#x438;&#x43D;&#x438;&#x447;&#x435;&#x441;&#x43A;&#x43E;&#x439; &#x446;&#x438;&#x442;&#x43E;&#x433;&#x435;&#x43D;&#x435;&#x442;&#x438;&#x43A;&#x438;</subfield>
  </datafield>
  <datafield tag="653" ind1=" " ind2=" ">
    <subfield code="a">&#x10D9;&#x10DA;&#x10D8;&#x10DC;&#x10D8;&#x10D9;&#x10E3;&#x10E0;&#x10D8; &#x10EA;&#x10D8;&#x10E2;&#x10DD;&#x10D2;&#x10D4;&#x10DC;&#x10D4;&#x10E2;&#x10D8;&#x10D9;&#x10D8;&#x10E1; &#x10DE;&#x10E0;&#x10D8;&#x10DC;&#x10EA;&#x10D8;&#x10DE;&#x10D4;&#x10D1;&#x10D8;</subfield>
  </datafield>
  <datafield tag="653" ind1=" " ind2=" ">
    <subfield code="a">&#x10DB;&#x10D4;&#x10D3;&#x10D8;&#x10EA;&#x10D8;&#x10DC;&#x10D0;</subfield>
  </datafield>
  <datafield tag="700" ind1=" " ind2=" ">
    <subfield code="a"> Gersen,  Steven L.</subfield>
    <subfield code="9">10337</subfield>
  </datafield>
  <datafield tag="700" ind1=" " ind2=" ">
    <subfield code="a">Keagle, Martha B.</subfield>
    <subfield code="e">Edited by</subfield>
    <subfield code="9">10338</subfield>
  </datafield>
  <datafield tag="942" ind1=" " ind2=" ">
    <subfield code="c">BK</subfield>
    <subfield code="2">udc</subfield>
  </datafield>
  <datafield tag="952" ind1=" " ind2=" ">
    <subfield code="0">0</subfield>
    <subfield code="1">0</subfield>
    <subfield code="2">udc</subfield>
    <subfield code="4">0</subfield>
    <subfield code="6">61607_T44</subfield>
    <subfield code="7">0</subfield>
    <subfield code="9">76068</subfield>
    <subfield code="a">CPL</subfield>
    <subfield code="b">CPL</subfield>
    <subfield code="c">GEN</subfield>
    <subfield code="d">2018-12-17</subfield>
    <subfield code="g">153.00</subfield>
    <subfield code="o">616.07 T-44</subfield>
    <subfield code="p">53969</subfield>
    <subfield code="r">2018-12-17</subfield>
    <subfield code="t">53969</subfield>
    <subfield code="w">2018-12-17</subfield>
    <subfield code="y">BK</subfield>
    <subfield code="z">153.00 GEL.</subfield>
  </datafield>
  <datafield tag="952" ind1=" " ind2=" ">
    <subfield code="0">0</subfield>
    <subfield code="1">0</subfield>
    <subfield code="2">udc</subfield>
    <subfield code="4">0</subfield>
    <subfield code="6">61607_T44</subfield>
    <subfield code="7">0</subfield>
    <subfield code="9">90526</subfield>
    <subfield code="a">CPL</subfield>
    <subfield code="b">CPL</subfield>
    <subfield code="c">GEN</subfield>
    <subfield code="d">2021-07-05</subfield>
    <subfield code="g">153.00</subfield>
    <subfield code="o">616.07 T-44</subfield>
    <subfield code="p">54660</subfield>
    <subfield code="r">2021-07-05</subfield>
    <subfield code="t">54660</subfield>
    <subfield code="w">2021-07-05</subfield>
    <subfield code="y">BK</subfield>
    <subfield code="z">153.00 GEL.</subfield>
  </datafield>
</record>
